8 ideas clave: calidad de la práctica educativa. Referentes, indicadores y condiciones para mejorar la enseñanza-aprendizaje
Bewaard in:
| Hoofdauteur: | |
|---|---|
| Formaat: | Boek |
| Taal: | Spaans |
| Gepubliceerd in: |
Barcelona
Graó
2013
|
| Editie: | 1a. ed |
| Reeks: | Ideas Clave, 21
|
| Onderwerpen: | |
| Tags: |
Voeg label toe
Geen labels, Wees de eerste die dit record labelt!
|
MARC
| LEADER | 00000cam a2200000 a 4500 | ||
|---|---|---|---|
| 001 | UCE1506 | ||
| 003 | CL-VaPUC | ||
| 008 | 140502e20130100sp |||||||||||||||||spa|d | ||
| 020 | |a 9788499804774 | ||
| 082 | 0 | 4 | |a 371.9 |b MAL |2 21 |
| 100 | |a Malpica, Federico |e autor |9 573850 | ||
| 245 | 1 | 0 | |a 8 ideas clave: calidad de la práctica educativa. Referentes, indicadores y condiciones para mejorar la enseñanza-aprendizaje |
| 250 | |a 1a. ed | ||
| 300 | |a 333 p | ||
| 942 | |c BK | ||
| 945 | |d 20140502 10:02:00 |a dcastane | ||
| 260 | |a Barcelona |b Graó |c 2013 | ||
| 650 | 0 | |a Integración escolar |9 312238 | |
| 650 | 7 | |a PRACTICA PEDAGOGICA |2 CL-VaPUC |9 532422 | |
| 650 | 0 | |a Psicología del aprendizaje |9 306854 | |
| 583 | |a last modification |c 20140502 10:02:00 |k Rodrigo Vera | ||
| 490 | 0 | |a Ideas Clave, 21 | |
| 999 | |c 355282 |d 355280 | ||
| 952 | |0 0 |1 0 |3 erb |4 0 |6 371_900000000000000_MAL_2013 |7 0 |8 A |9 461937 |a BIBING |b BIBING |i 5069726 |o 371.9 MAL 2013 |p 5069726 |r 2025-01-20 |w 2019-11-23 |y BK |z Catalogado en:20140502 |k GEO | ||
| 952 | |0 0 |1 0 |3 erb |4 0 |6 371_900000000000000_MAL_2013 |7 0 |8 A |9 461938 |a BIBEDU |b BIBEDU |c ES_NOD |i 5257131 |o 371.9 MAL 2013 |p 5257131 |r 2023-08-09 |w 2019-11-23 |y BK |z Catalogado en:20151218 |k EFI | ||
| 952 | |0 0 |1 0 |3 erb |4 0 |6 371_900000000000000_MAL_2013 |7 0 |8 A |9 461939 |a BIBEDU |b BIBEDU |c ES_NOD |i 525714K |o 371.9 MAL 2013 |p 525714K |r 2023-08-09 |w 2019-11-23 |y BK |z Catalogado en:20151218 |k EFI | ||